[Event "Gibraltar Amateurs A"]
[Site "Gibraltar"]
[Date "2019.01.25"]
[Round "5.26"]
[White "Gough, Theo"]
[Black "Wadhwani, Sunil"]
[Result "1-0"]
[WhiteElo "1430"]
[BlackElo "1841"]
[PlyCount "115"]
[EventDate "2019.01.21"]
[EventType "swiss"]
[EventRounds "5"]
[EventCountry "GGB"]

1. d4 Nf6 2. c4 g6 3. Nd2 Bg7 4. Ngf3 O-O 5. b3 d6 6. Bb2 Nbd7 7. e3 b6 8. Be2
Bb7 9. O-O c5 10. d5 Qc7 11. Qc2 Rab8 12. Rab1 Ne8 13. Rfd1 e6 14. dxe6 fxe6
15. Ng5 Qc6 16. Bf3 Rxf3 17. Ngxf3 Ne5 18. Bxe5 Bxe5 19. e4 Bf6 20. Re1 e5 21.
Qd3 Qd7 22. Nf1 Ng7 23. Rbd1 Rd8 24. Ne3 Ne6 25. Nd5 Bg7 26. g3 g5 27. Qe3 h6
28. Re2 Qf7 29. h3 Kh8 30. Red2 Rf8 31. Kg2 Bc8 32. Rh1 Nd4 33. Nxd4 exd4 34.
Qe2 Be5 35. Rd3 h5 36. Rf3 Qxf3+ 37. Qxf3 Rxf3 38. Kxf3 Bxh3 39. Ke2 Bg4+ 40.
f3 d3+ 41. Kf2 Bd4+ 42. Kg2 Be6 43. Rxh5+ Kg7 44. Rh1 Bxd5 45. exd5 d2 46. Rd1
Bc3 47. Kf2 Kf6 48. Ke2 Ke5 49. Rh1 Kd4 50. Rh5 Ba5 51. Rxg5 Kc3 52. Kd1 Kb2
53. f4 Kxa2 54. f5 Bc3 55. Rg6 a5 56. f6 Bxf6 57. Rxf6 Kxb3 58. Rxd6 1-0

[Event "Gibraltar Amateurs A"]
[Site "Gibraltar"]
[Date "2019.01.25"]
[Round "5.27"]
[White "Stamenov, Valeriy"]
[Black "Bullock, Lee"]
[Result "1-0"]
[WhiteElo "1840"]
[BlackElo "1524"]
[PlyCount "59"]
[EventDate "2019.01.21"]
[EventType "swiss"]
[EventRounds "5"]
[EventCountry "GGB"]

1. e4 c5 2. c3 d5 3. exd5 Qxd5 4. d4 cxd4 5. cxd4 Nc6 6. Nf3 Bf5 7. Nc3 Qd6 8.
Be2 a6 9. O-O e6 10. Be3 Nf6 11. a3 Be7 12. Rc1 h6 13. h3 g5 14. Ne5 Nxe5 15.
dxe5 Qxe5 16. Qa4+ Kf8 17. Rfd1 Bd6 18. g3 Bxh3 19. Bd4 Qf5 20. Bxf6 Bxg3 21.
fxg3 Qxf6 22. Qb4+ Kg7 23. Ne4 Qe5 24. Rc5 a5 25. Qc3 Qxc3 26. Nxc3 Rhc8 27.
Rxc8 Rxc8 28. Rd7 e5 29. Rxb7 Rd8 30. Bc4 1-0

[Event "Gibraltar Amateurs A"]
[Site "Gibraltar"]
[Date "2019.01.25"]
[Round "5.28"]
[White "Kumar, Deepak"]
[Black "Longdin, Michael"]
[Result "1-0"]
[WhiteElo "1590"]
[BlackElo "1735"]
[PlyCount "94"]
[EventDate "2019.01.21"]
[EventType "swiss"]
[EventRounds "5"]
[EventCountry "GGB"]

1. e4 c5 2. c4 Nc6 3. Nc3 d6 4. d3 g6 5. Nf3 Bg7 6. Be2 Nf6 7. O-O Nd7 8. Be3
Nf8 9. d4 cxd4 10. Nxd4 Ne6 11. Nxc6 bxc6 12. f4 c5 13. e5 Bb7 14. Qa4+ Qd7 15.
Qxd7+ Kxd7 16. Rad1 a6 17. Bg4 Kc7 18. f5 gxf5 19. Rxf5 Raf8 20. exd6+ exd6 21.
Rdf1 f6 22. Nd5+ Bxd5 23. Rxd5 Re8 24. Rfd1 Bf8 25. Bf2 Rg8 26. Bh5 Re7 27. Bg3
Rxg3 28. hxg3 Rg7 29. Kh2 Rg5 30. Bf3 Nd4 31. R5xd4 cxd4 32. Rxd4 Bg7 33. Rd5
f5 34. c5 Be5 35. cxd6+ Bxd6 36. b3 h6 37. Ra5 Kb6 38. Rd5 Bc7 39. a4 a5 40.
Rb5+ Ka6 41. Bb7+ Ka7 42. Bf3 Rxg3 43. Rb7+ Ka6 44. Rxc7 Rg6 45. Rc6+ Rxc6 46.
Bxc6 Kb6 47. Bd7 f4 1-0

[Event "Gibraltar Amateurs A"]
[Site "Gibraltar"]
[Date "2019.01.25"]
[Round "5.30"]
[White "Koreywo, Witold"]
[Black "Krause, Marianne"]
[Result "1/2-1/2"]
[WhiteElo "1553"]
[BlackElo "1637"]
[PlyCount "72"]
[EventDate "2019.01.21"]
[EventType "swiss"]
[EventRounds "5"]
[EventCountry "GGB"]

1. d4 Nf6 2. Bf4 e6 3. e3 c5 4. c3 Nc6 5. Nf3 Be7 6. Nbd2 cxd4 7. exd4 b6 8.
Bd3 Bb7 9. O-O O-O 10. Re1 Nh5 11. Bg3 Nxg3 12. hxg3 f5 13. Ne5 Rf6 14. f3 Nxe5
15. dxe5 Bc5+ 16. Kf1 Rh6 17. b4 Be7 18. Ke2 Qc7 19. Rc1 Qxe5+ 20. Kf2 Qf6 21.
Rh1 Rc8 22. Rxh6 Qxh6 23. a3 Bf6 24. Bb5 Bxc3 25. f4 Bd4+ 26. Ke2 Qh5+ 27. Nf3
Bxf3+ 28. gxf3 Rxc1 29. Qxc1 Qf7 30. Qc8+ Qf8 31. Qxd7 Bg1 32. Qxe6+ Kh8 33.
Bd3 g6 34. Qe5+ Qg7 35. Qe8+ Qg8 36. Qe5+ Qg7 1/2-1/2

[Event "Gibraltar Amateurs A"]
[Site "Gibraltar"]
[Date "2019.01.25"]
[Round "5.31"]
[White "Sagar, Siya"]
[Black "Ralivololona, Hanitriniaina Andri"]
[Result "1-0"]
[WhiteElo "1616"]
[BlackElo "1399"]
[PlyCount "73"]
[EventDate "2019.01.21"]
[EventType "swiss"]
[EventRounds "5"]
[EventCountry "GGB"]

1. e4 e5 2. Nf3 Nc6 3. Bb5 a6 4. Bxc6 bxc6 5. Nc3 Nf6 6. O-O d6 7. d4 Be7 8.
dxe5 dxe5 9. Qxd8+ Bxd8 10. Nxe5 Bd7 11. Bg5 h6 12. Bxf6 Bxf6 13. Nxd7 Kxd7 14.
Rad1+ Kc8 15. Rd3 Kb7 16. Rfd1 Rad8 17. Rxd8 Rxd8 18. Rxd8 Bxd8 19. Kf1 Bf6 20.
Ke2 Bxc3 21. bxc3 Kb6 22. Kd3 Kc5 23. f4 f6 24. h4 g6 25. a3 a5 26. c4 Kd6 27.
Kc3 c5 28. Kb3 Kc6 29. Ka4 Kb6 30. e5 fxe5 31. fxe5 Kc6 32. Kxa5 Kd7 33. Kb5
Ke6 34. a4 Kxe5 35. a5 Kd6 36. a6 c6+ 37. Kb6 1-0

[Event "Gibraltar Amateurs A"]
[Site "Gibraltar"]
[Date "2019.01.25"]
[Round "5.33"]
[White "Evenshaug, Amadeus Hestvik"]
[Black "Mahbubani, Arun"]
[Result "1-0"]
[WhiteElo "1383"]
[BlackElo "1261"]
[PlyCount "45"]
[EventDate "2019.01.21"]
[EventType "swiss"]
[EventRounds "5"]
[EventCountry "GGB"]

1. e4 c5 2. Nf3 e6 3. d4 cxd4 4. Nxd4 Nc6 5. Be3 Nf6 6. Nc3 Bb4 7. Bd3 Ne5 8.
f3 Bxc3+ 9. bxc3 a6 10. Bg5 O-O 11. f4 Nc6 12. e5 Qa5 13. Nxc6 Qxc3+ 14. Kf1
Nd5 15. Ne7+ Kh8 16. Nxd5 exd5 17. Rb1 h6 18. Qh5 Qc6 19. Bf6 Kg8 20. Qg4 g6
21. Qh4 h5 22. Qg5 Kh7 23. Qxh5+ 1-0

[Event "Gibraltar Amateurs A"]
[Site "Gibraltar"]
[Date "2019.01.25"]
[Round "5.34"]
[White "Elsner, Boris"]
[Black "Lassan, Szabolcs"]
[Result "1-0"]
[WhiteElo "1491"]
[BlackElo "1309"]
[PlyCount "55"]
[EventDate "2019.01.21"]
[EventType "swiss"]
[EventRounds "5"]
[EventCountry "GGB"]

1. e4 e5 2. Nf3 Nc6 3. Bc4 Be7 4. O-O Nf6 5. Re1 d6 6. d4 exd4 7. Nxd4 Nxd4 8.
Qxd4 O-O 9. Nc3 c6 10. Be3 Ng4 11. h3 Ne5 12. Bf1 Bxh3 13. Bf4 Bf6 14. Qe3 Be6
15. Rad1 g5 16. Qg3 Kh8 17. Bc1 g4 18. Bf4 Rg8 19. Be2 Qe7 20. a4 Bc4 21. b3
Bxe2 22. Nxe2 Nf3+ 23. Kf1 Bh4 24. Bxd6 Bxg3 25. Bxe7 Nh2+ 26. Kg1 Be5 27. Ng3
Bxg3 28. Bf6+ 1-0

[Event "Gibraltar Amateurs A"]
[Site "Gibraltar"]
[Date "2019.01.25"]
[Round "5.37"]
[White "Naldrett, Geoffrey"]
[Black "Arias Diaz, Javier Alonso"]
[Result "1-0"]
[WhiteElo "1557"]
[BlackElo "1093"]
[PlyCount "67"]
[EventDate "2019.01.21"]
[EventType "swiss"]
[EventRounds "5"]
[EventCountry "GGB"]

1. c4 Nf6 2. Nc3 g6 3. g3 Bg7 4. Bg2 d6 5. Nf3 O-O 6. d3 Nbd7 7. Bd2 e5 8. Rb1
Nb6 9. O-O Re8 10. e4 Bg4 11. h3 Be6 12. b4 Qd7 13. Ng5 Rad8 14. a4 h6 15. Nxe6
Qxe6 16. a5 Nbd7 17. Nd5 Nxd5 18. cxd5 Qe7 19. Qa4 a6 20. Rfc1 Rc8 21. Be3 Nb8
22. Ba7 Qd7 23. Qb3 Qe7 24. b5 c6 25. Bxb8 Rxb8 26. dxc6 axb5 27. c7 Rbc8 28.
Qxb5 Ra8 29. Qxb7 Qd7 30. a6 Rec8 31. a7 Qa4 32. Qxa8 Rxa8 33. Rb8+ Rxb8 34.
cxb8=Q+ 1-0

[Event "Gibraltar Amateurs B"]
[Site "Gibraltar"]
[Date "2019.01.26"]
[Round "1.1"]
[White "D`haluin, Wim"]
[Black "Cernuda Orejas, Victor Manuel"]
[Result "0-1"]
[WhiteElo "1702"]
[BlackElo "1893"]
[PlyCount "34"]
[EventDate "2019.01.26"]
[EventType "swiss"]
[EventRounds "5"]
[EventCountry "GGB"]

1. d4 c6 2. Nf3 Nf6 3. Nbd2 d5 4. Nb3 Bg4 5. Bf4 Bxf3 6. exf3 e6 7. Be2 Bd6 8.
Bg5 Nbd7 9. O-O Qc7 10. g3 h6 11. Bd2 h5 12. c4 dxc4 13. Bxc4 h4 14. Qe1 Nh5
15. Kg2 Nb6 16. Rc1 Qe7 17. Bg5 Qxg5 0-1

[Event "Gibraltar Amateurs B"]
[Site "Gibraltar"]
[Date "2019.01.26"]
[Round "1.2"]
[White "Pink, Joshua"]
[Black "Whitworth, John"]
[Result "1-0"]
[WhiteElo "1890"]
[BlackElo "1690"]
[PlyCount "135"]
[EventDate "2019.01.26"]
[EventType "swiss"]
[EventRounds "5"]
[EventCountry "GGB"]

1. e4 e5 2. Nf3 Nc6 3. Bc4 Bc5 4. c3 Nf6 5. d4 exd4 6. cxd4 Bb4+ 7. Nc3 Nxe4 8.
O-O Bxc3 9. d5 Ne5 10. Qe2 O-O 11. bxc3 Nxc4 12. Qxe4 Nd6 13. Qd3 Qf6 14. Ba3
b6 15. Rfe1 Bb7 16. Ne5 Rfd8 17. Re3 Qf5 18. Bxd6 Qxd3 19. Rxd3 cxd6 20. Nf3
Re8 21. c4 Rac8 22. Nd2 f6 23. f3 f5 24. Kf2 Ba6 25. Rc1 Bb7 26. Re1 Rxe1 27.
Kxe1 Kf7 28. Kf2 Rc5 29. Ra3 a6 30. Rb3 b5 31. Ke3 Ba8 32. Rb4 bxc4 33. Nxc4
Bxd5 34. Nxd6+ Ke6 35. Nb7 Bxb7 36. Rxb7 Ra5 37. Rb6+ Kd5 38. Rb7 Kc6 39. Rb2
g5 40. Kd4 Rd5+ 41. Kc4 Rc5+ 42. Kd4 a5 43. a4 h6 44. Re2 Rd5+ 45. Kc4 Rd1 46.
Re5 d5+ 47. Kc3 f4 48. Re6+ Kc5 49. Ra6 d4+ 50. Kc2 Ra1 51. Rxa5+ Kc4 52. Ra8
Ra2+ 53. Kc1 Rxg2 54. a5 Ra2 55. Kb1 Ra4 56. a6 Kd3 57. a7 Kd2 58. Kb2 d3 59.
Kb3 Ra6 60. h3 Kd1 61. Kb2 d2 62. Kb1 Rb6+ 63. Ka2 Ra6+ 64. Kb2 Rc6 65. Rb8
Rc2+ 66. Kb3 Rc1 67. a8=Q Rb1+ 68. Kc3 1-0

[Event "Gibraltar Amateurs B"]
[Site "Gibraltar"]
[Date "2019.01.26"]
[Round "1.3"]
[White "Butusina, Samuel"]
[Black "Valladolid Martin, Fco. Jose"]
[Result "0-1"]
[WhiteElo "1688"]
[BlackElo "1878"]
[PlyCount "58"]
[EventDate "2019.01.26"]
[EventType "swiss"]
[EventRounds "5"]
[EventCountry "GGB"]

1. b4 e5 2. Bb2 Bxb4 3. Bxe5 Nf6 4. Nc3 O-O 5. Bxf6 Qxf6 6. Nd5 Qd6 7. Nxb4
Qxb4 8. Nf3 d5 9. e3 Qe7 10. c4 Be6 11. Qc2 c5 12. Bd3 h6 13. O-O Nc6 14. a3
Rfd8 15. cxd5 Bxd5 16. Be2 b6 17. Rfd1 Na5 18. Qc3 Rac8 19. Ne1 Bb3 20. Nc2 Rc6
21. Rdb1 Ba4 22. Bb5 Bxb5 23. Rxb5 Qd7 24. Rd1 Rd6 25. Rxc5 bxc5 26. Qxa5 Rxd2
27. Rc1 Rd1+ 28. Rxd1 Qxd1+ 29. Ne1 Qd2 0-1

[Event "Gibraltar Amateurs B"]
[Site "Gibraltar"]
[Date "2019.01.26"]
[Round "1.5"]
[White "Krause, Helmut"]
[Black "Leimeister, Winfried"]
[Result "0-1"]
[WhiteElo "1668"]
[BlackElo "1870"]
[PlyCount "76"]
[EventDate "2019.01.26"]
[EventType "swiss"]
[EventRounds "5"]
[EventCountry "GGB"]

1. d4 Nf6 2. Nf3 c5 3. d5 g6 4. Nc3 Bg7 5. e4 d6 6. Be2 O-O 7. O-O a6 8. a4 b6
9. Bg5 h6 10. Bd2 e6 11. Qc1 exd5 12. exd5 Kh7 13. h3 Bb7 14. Bc4 Nbd7 15. Bf4
Ne8 16. Re1 Qc7 17. Qd2 Ne5 18. Qe2 Nxc4 19. Qxc4 Nf6 20. Rad1 Rfe8 21. b3 Qd7
22. Nd2 Nh5 23. Ndb1 b5 24. axb5 axb5 25. Nxb5 Ba6 26. Rxe8 Rxe8 27. Bxd6 Bxb5
28. Qxc5 Rc8 29. Qb6 Rxc2 30. Na3 Be2 31. Re1 Rd2 32. Nc4 Bxc4 33. bxc4 Bd4 34.
Qc6 Bxf2+ 35. Kh1 Qxc6 36. dxc6 Rxd6 37. c7 Rc6 38. Re7 Kg7 0-1

[Event "Gibraltar Amateurs B"]
[Site "Gibraltar"]
[Date "2019.01.26"]
[Round "1.7"]
[White "Gillis Glastone, Philippe"]
[Black "Bryant, Richard B E"]
[Result "1-0"]
[WhiteElo "1658"]
[BlackElo "1862"]
[PlyCount "49"]
[EventDate "2019.01.26"]
[EventType "swiss"]
[EventRounds "5"]
[EventCountry "GGB"]

1. d4 e6 2. Bf4 f5 3. Nf3 Nf6 4. e3 Be7 5. Bd3 O-O 6. Nbd2 d6 7. Qe2 Nc6 8. c3
Nh5 9. h4 Nxf4 10. exf4 Bf6 11. O-O-O Ne7 12. h5 Nd5 13. g3 c6 14. Nc4 b5 15.
Ne3 Qa5 16. Nxd5 cxd5 17. Kb1 Bd7 18. g4 fxg4 19. Ng5 Bxg5 20. fxg5 Rf4 21. Qc2
Raf8 22. h6 Rxf2 23. Bxh7+ Kh8 24. hxg7+ Kxg7 25. Qg6+ 1-0

[Event "Gibraltar Amateurs B"]
[Site "Gibraltar"]
[Date "2019.01.26"]
[Round "1.9"]
[White "Krause, Marianne"]
[Black "Hermes, Geoff R"]
[Result "0-1"]
[WhiteElo "1637"]
[BlackElo "1860"]
[PlyCount "56"]
[EventDate "2019.01.26"]
[EventType "swiss"]
[EventRounds "5"]
[EventCountry "GGB"]

1. d4 d6 2. Nf3 Bg4 3. e3 Nf6 4. Be2 Nbd7 5. c4 e5 6. Nbd2 Be7 7. b3 c6 8. Bb2
e4 9. Ng5 Bxe2 10. Qxe2 d5 11. cxd5 cxd5 12. O-O O-O 13. Nh3 Rc8 14. Rfc1 Qa5
15. a3 Rc6 16. Qd1 Rfc8 17. Rxc6 Rxc6 18. Rc1 Qa6 19. Rxc6 bxc6 20. a4 Bb4 21.
Nf4 g5 22. Nh3 Qd3 23. Bc1 h6 24. g3 Kg7 25. Kg2 c5 26. Qf1 Qc2 27. Qe2 Qxc1
28. Qe1 Qc2 0-1

[Event "Gibraltar Amateurs B"]
[Site "Gibraltar"]
[Date "2019.01.26"]
[Round "1.11"]
[White "White, Gary"]
[Black "Marcos Herrero, Francisco"]
[Result "1/2-1/2"]
[WhiteElo "1623"]
[BlackElo "1855"]
[PlyCount "110"]
[EventDate "2019.01.26"]
[EventType "swiss"]
[EventRounds "5"]
[EventCountry "GGB"]

1. b3 e5 2. Bb2 Nc6 3. e3 Nf6 4. Bb5 Bd6 5. Nf3 Qe7 6. O-O a6 7. Bxc6 dxc6 8.
h3 e4 9. Nh2 Bf5 10. f4 O-O-O 11. Nc3 h5 12. Ne2 h4 13. Kh1 Nh5 14. Qe1 Rh6 15.
Nd4 Ng3+ 16. Kg1 g6 17. Rf2 c5 18. Nxf5 gxf5 19. d3 Rg8 20. Qd2 Rhg6 21. Re1
Qd8 22. Qd1 Be7 23. Rd2 Rd6 24. Nf1 Bf6 25. Be5 Rd7 26. Nxg3 hxg3 27. Qh5 Bxe5
28. fxe5 Rg5 29. Qe2 Qe7 30. d4 Rg8 31. Rf1 Qe6 32. Qh5 cxd4 33. exd4 e3 34.
Rd3 Rgd8 35. Rxe3 Rxd4 36. Qxf5 Qxf5 37. Rxf5 Rd1+ 38. Rf1 R1d2 39. Rxf7 Rg8
40. e6 Kd8 41. Rd3+ Rxd3 42. cxd3 Rg6 43. e7+ Ke8 44. Rf3 Kxe7 45. Re3+ Kd6 46.
Kf1 Kc5 47. Ke2 Kb4 48. Re7 Rf6 49. Rxc7 Rf2+ 50. Ke3 b5 51. Rg7 Rxg2 52. Kf3
Rxa2 53. h4 Rd2 54. Rxg3 Rxd3+ 55. Kf4 Rd5 1/2-1/2

[Event "Gibraltar Amateurs B"]
[Site "Gibraltar"]
[Date "2019.01.26"]
[Round "1.12"]
[White "Lane, Ryan"]
[Black "Sagar, Siya"]
[Result "1-0"]
[WhiteElo "1851"]
[BlackElo "1616"]
[PlyCount "49"]
[EventDate "2019.01.26"]
[EventType "swiss"]
[EventRounds "5"]
[EventCountry "GGB"]

1. e4 e5 2. Nf3 Nc6 3. d4 exd4 4. Nxd4 Bc5 5. Be3 Qf6 6. c3 Nge7 7. Bc4 Ne5 8.
Be2 d6 9. f4 N5c6 10. O-O O-O 11. Kh1 Bb6 12. Na3 a6 13. Nc4 Nxd4 14. cxd4 Ba7
15. Qd2 Nc6 16. Rad1 b5 17. Na3 Bb7 18. e5 dxe5 19. fxe5 Qe7 20. Bf3 Nd8 21.
Bxb7 Nxb7 22. Bg5 Qe6 23. Rf3 h6 24. Bf6 Kh8 25. Qxh6+ 1-0

[Event "Gibraltar Amateurs B"]
[Site "Gibraltar"]
[Date "2019.01.26"]
[Round "1.13"]
[White "Hudson, Jeremy"]
[Black "Garcia-Blazquez Perez, Manuel"]
[Result "0-1"]
[WhiteElo "1603"]
[BlackElo "1849"]
[PlyCount "110"]
[EventDate "2019.01.26"]
[EventType "swiss"]
[EventRounds "5"]
[EventCountry "GGB"]

1. d4 f5 2. Nc3 Nf6 3. Bg5 e6 4. e4 fxe4 5. Nxe4 Be7 6. Bxf6 Bxf6 7. Nxf6+ Qxf6
8. Qh5+ g6 9. Qd1 O-O 10. Qd2 Nc6 11. Nf3 a5 12. Bc4 d5 13. Bb5 Nd8 14. h4 Qf4
15. O-O-O Qxd2+ 16. Rxd2 Nf7 17. Kb1 c6 18. Bd3 Bd7 19. Re1 Kg7 20. Ne5 Nxe5
21. Rxe5 h6 22. h5 g5 23. c3 Rf6 24. Rde2 Raf8 25. f3 Kf7 26. Bg6+ Ke7 27. Kc2
Kd6 28. Kd2 b6 29. R2e3 c5 30. Bd3 cxd4 31. cxd4 Rf4 32. Re1 Rxd4 33. R5e3 Rdf4
34. Rc1 Rc8 35. Rxc8 Bxc8 36. Bb5 Rb4 37. Rb3 Rxb3 38. axb3 Kc5 39. Bd3 Kb4 40.
Bc2 e5 41. g4 Be6 42. Ke3 Bg8 43. Bd1 d4+ 44. Ke4 Bxb3 45. Be2 Bc4 46. Bd1 d3
47. Kxe5 Bb3 48. f4 Bxd1 49. fxg5 Bf3 50. gxh6 d2 51. h7 d1=Q 52. h8=Q Qd5+ 53.
Kf4 Qe4+ 54. Kg5 Qxg4+ 55. Kf6 Qd4+ 0-1

[Event "Gibraltar Amateurs B"]
[Site "Gibraltar"]
[Date "2019.01.26"]
[Round "1.14"]
[White "Bosschem, Eddy"]
[Black "Kumar, Deepak"]
[Result "1-0"]
[WhiteElo "1847"]
[BlackElo "1590"]
[PlyCount "46"]
[EventDate "2019.01.26"]
[EventType "swiss"]
[EventRounds "5"]
[EventCountry "GGB"]

1. d4 Nf6 2. Bf4 d5 3. e3 c5 4. c3 Nc6 5. Nf3 e6 6. Nbd2 Be7 7. h3 O-O 8. Bd3
cxd4 9. exd4 Re8 10. O-O Bd6 11. Ne5 Ne7 12. Bh2 Bb8 13. f4 Bd7 14. g4 Rf8 15.
Bg3 Ng6 16. Kg2 Bc6 17. Qe2 Qb6 18. Rab1 a6 19. Nb3 Re8 20. Rbe1 Nxe5 21. dxe5
Ne4 22. Nd4 Nxg3 23. Kxg3 Qd8 {Both score sheets illegible} 1-0

[Event "Gibraltar Amateurs B"]
[Site "Gibraltar"]
[Date "2019.01.26"]
[Round "1.15"]
[White "Riedel, Michael"]
[Black "Sahil, Dhawan"]
[Result "1/2-1/2"]
[WhiteElo "1587"]
[BlackElo "1843"]
[PlyCount "92"]
[EventDate "2019.01.26"]
[EventType "swiss"]
[EventRounds "5"]
[EventCountry "GGB"]

1. d4 Nf6 2. c3 b6 3. Nf3 Bb7 4. g3 e6 5. Bg2 Be7 6. O-O O-O 7. Bg5 h6 8. Bxf6
Bxf6 9. Nbd2 d5 10. Re1 c5 11. e4 Nd7 12. e5 Be7 13. a4 Qc7 14. Rc1 Rac8 15. h4
cxd4 16. cxd4 Qb8 17. Bf1 Rxc1 18. Qxc1 Rc8 19. Qb1 Bc6 20. Qa1 Bb4 21. Ba6 Rc7
22. Rc1 Qd8 23. Kg2 Nb8 24. Bd3 a5 25. Rc2 Bd7 26. Qc1 Rxc2 27. Qxc2 Qc8 28.
Nf1 Qxc2 29. Bxc2 Kf8 30. g4 b5 31. axb5 Bxb5 32. g5 hxg5 33. hxg5 g6 34. Ne3
Be2 35. Bd1 Bd3 36. Kg3 Be7 37. Nc2 Nc6 38. Kf4 Ke8 39. Na3 Ba6 40. Ba4 Kd7 41.
Nb5 Bxb5 42. Bxb5 Kc7 43. Ke3 Kb6 44. Ba4 Bd8 45. Kd3 Kc7 46. Kc3 Be7 1/2-1/2

[Event "Gibraltar Amateurs B"]
[Site "Gibraltar"]
[Date "2019.01.26"]
[Round "1.16"]
[White "Carr, Jay"]
[Black "Savage, Neil"]
[Result "1-0"]
[WhiteElo "1842"]
[BlackElo "1585"]
[PlyCount "61"]
[EventDate "2019.01.26"]
[EventType "swiss"]
[EventRounds "5"]
[EventCountry "GGB"]

1. c4 e5 2. g3 Nc6 3. Bg2 f5 4. Nc3 Nf6 5. d3 Bc5 6. e3 O-O 7. Nge2 d6 8. O-O
Bb6 9. Rb1 Qe8 10. b4 f4 11. exf4 Qh5 12. Nd5 Bh3 13. fxe5 Bg4 14. Ndf4 Qxe5
15. Qb3 Nd4 16. Nxd4 Bxd4 17. h3 Bh5 18. Bd2 Rae8 19. Rbe1 Qg5 20. Nxh5 Qxd2
21. Nxf6+ gxf6 22. Rxe8 Rxe8 23. c5+ Kg7 24. Be4 Qg5 25. Kg2 f5 26. Qd5 Bxc5
27. bxc5 Re5 28. Qxb7 fxe4 29. cxd6 exd3 30. dxc7 Rb5 31. c8=Q+ 1-0

[Event "Gibraltar Amateurs B"]
[Site "Gibraltar"]
[Date "2019.01.26"]
[Round "1.17"]
[White "Haddock, Paul"]
[Black "Wadhwani, Sunil"]
[Result "1/2-1/2"]
[WhiteElo "1580"]
[BlackElo "1841"]
[PlyCount "48"]
[EventDate "2019.01.26"]
[EventType "swiss"]
[EventRounds "5"]
[EventCountry "GGB"]

1. e4 e6 2. d4 d5 3. e5 c5 4. c3 Nc6 5. Nf3 Qb6 6. Bd3 Bd7 7. O-O cxd4 8. cxd4
Rc8 9. Nc3 Nxd4 10. Nxd4 Qxd4 11. Be3 Qb4 12. Bd2 Qb6 13. a3 Ne7 14. b4 Nc6 15.
Na4 Qd8 16. f4 Be7 17. Qg4 O-O 18. Bxh7+ Kxh7 19. Qh5+ Kg8 20. Rf3 f5 21. Rh3
Qe8 22. Qh7+ Kf7 23. Qh5+ Kg8 24. Qh7+ Kf7 1/2-1/2

[Event "Gibraltar Amateurs B"]
[Site "Gibraltar"]
[Date "2019.01.26"]
[Round "1.18"]
[White "Thjomoe, Hans Richard"]
[Black "Greco, Joseph"]
[Result "0-1"]
[WhiteElo "1836"]
[BlackElo "1574"]
[PlyCount "126"]
[EventDate "2019.01.26"]
[EventType "swiss"]
[EventRounds "5"]
[EventCountry "GGB"]

1. e4 d5 2. exd5 Nf6 3. Nc3 Nxd5 4. d4 Nxc3 5. bxc3 g6 6. Nf3 Bg7 7. Bc4 O-O 8.
O-O c5 9. Ne5 cxd4 10. cxd4 Qc7 11. Qe2 Nd7 12. Bf4 Nxe5 13. Bxe5 Bxe5 14. dxe5
e6 15. Rad1 b6 16. Rd6 Bb7 17. Rfd1 Rfd8 18. Bb5 a6 19. Qc4 Qe7 20. Bd7 Bd5 21.
R1xd5 exd5 22. Qxd5 Ra7 23. e6 Kg7 24. Qd4+ f6 25. g4 b5 26. g5 Raa8 27. Rd5
Rab8 28. h4 Rf8 29. h5 Rbd8 30. f4 Kg8 31. hxg6 hxg6 32. Qe4 Kg7 33. Qd4 Kg8
34. c3 Rb8 35. Qe3 f5 36. Rd2 Rbd8 37. Qe5 Rfe8 38. Rh2 Qg7 39. Qf6 Rf8 40. e7
Qxf6 41. gxf6 Rxd7 42. exf8=Q+ Kxf8 43. Rh8+ Kf7 44. Rh7+ Ke6 45. Rh3 Kxf6 46.
c4 bxc4 47. Ra3 Rd6 48. Kf2 c3 49. Rxc3 Rd2+ 50. Kf3 Rxa2 51. Rc6+ Kg7 52. Ke3
a5 53. Kd4 Ra4+ 54. Ke5 Re4+ 55. Kd5 Rxf4 56. Rc7+ Kh6 57. Ke5 Re4+ 58. Kf6 Rb4
59. Rc5 a4 60. Ra5 f4 61. Ra8 Kh5 62. Ra5+ Kg4 63. Kxg6 f3 0-1

[Event "Gibraltar Amateurs B"]
[Site "Gibraltar"]
[Date "2019.01.26"]
[Round "1.19"]
[White "Jimenez Urquijo, Juan Manuel"]
[Black "Olaizola, Miguel"]
[Result "0-1"]
[WhiteElo "1570"]
[BlackElo "1831"]
[PlyCount "85"]
[EventDate "2019.01.26"]
[EventType "swiss"]
[EventRounds "5"]
[EventCountry "GGB"]

1. Nf3 g6 2. d4 Bg7 3. c4 c5 4. e3 Nc6 5. Be2 cxd4 6. Nxd4 Qb6 7. Nb5 a6 8.
N5c3 Nf6 9. Na4 Qc7 10. Nac3 O-O 11. a3 Rd8 12. Nd2 d5 13. cxd5 Nxd5 14. Nxd5
Rxd5 15. Bf3 Rd8 16. O-O Be6 17. Qc2 Rac8 18. Rd1 Ne5 19. Qxc7 Nxf3+ 20. gxf3
Rxc7 21. Kf1 Bh3+ 22. Ke2 Rc2 23. Rb1 Be6 24. b3 Bc3 25. e4 f5 26. Ke3 f4+ 27.
Ke2 b5 28. Ke1 a5 29. Ke2 a4 30. bxa4 Bc4+ 31. Ke1 bxa4 32. Rb4 Bb3 33. Ke2
Rxc1 34. Rxc1 Rxd2+ 35. Kf1 Bxb4 36. axb4 Rc2 37. Rd1 Bc4+ 38. Kg2 a3 39. Rd8+
Kf7 40. Rc8 a2 41. Ra8 Rc1 42. b5 a1=Q 43. Rxa1 0-1

[Event "Gibraltar Amateurs B"]
[Site "Gibraltar"]
[Date "2019.01.26"]
[Round "1.21"]
[White "Koreywo, Witold"]
[Black "Manukonda, Arun"]
[Result "1/2-1/2"]
[WhiteElo "1553"]
[BlackElo "1814"]
[PlyCount "119"]
[EventDate "2019.01.26"]
[EventType "swiss"]
[EventRounds "5"]
[EventCountry "GGB"]

1. d4 d5 2. Bf4 c5 3. e3 e6 4. c3 Bd6 5. Nf3 Bxf4 6. exf4 Nf6 7. Nbd2 O-O 8.
Bd3 Nc6 9. O-O Qb6 10. dxc5 Qxc5 11. Nb3 Qd6 12. g3 e5 13. fxe5 Nxe5 14. Nxe5
Qxe5 15. Re1 Qg5 16. Qd2 Qh5 17. f4 Bh3 18. Bf1 Ne4 19. Qd1 Bg4 20. Be2 Nf2 21.
Qd2 Bxe2 22. Qxe2 Ng4 23. Nd4 Rae8 24. Qd2 Re4 25. Re2 Rfe8 26. Rae1 h6 27. Qd3
Nxh2 28. Rxe4 Rxe4 29. Rxe4 dxe4 30. Qxe4 Ng4 31. Qe2 Qh3 32. Qg2 Qxg2+ 33.
Kxg2 Ne3+ 34. Kf3 Nd1 35. Nb5 a6 36. Nd6 b6 37. Nc4 b5 38. Ne3 Nxb2 39. Ke4 Na4
40. Kd4 g6 41. c4 bxc4 42. Kxc4 h5 43. Kb4 Nb2 44. a4 f6 45. a5 g5 46. fxg5
fxg5 47. Kc5 h4 48. gxh4 gxh4 49. Kb6 h3 50. Ng4 Kg7 51. Kxa6 Nc4 52. Kb5 Nxa5
53. Kxa5 Kg6 54. Kb4 Kg5 55. Nf2 h2 56. Kc3 Kf4 57. Kd2 Kf3 58. Ke1 Kg2 59. Ke2
Kg1 60. Ke1 1/2-1/2

[Event "Gibraltar Amateurs B"]
[Site "Gibraltar"]
[Date "2019.01.26"]
[Round "1.22"]
[White "Parker, Keith"]
[Black "Verhoeven, Rudiger"]
[Result "1-0"]
[WhiteElo "1810"]
[BlackElo "1552"]
[PlyCount "113"]
[EventDate "2019.01.26"]
[EventType "swiss"]
[EventRounds "5"]
[EventCountry "GGB"]

1. d4 Nf6 2. Nf3 e6 3. e3 b6 4. Bd3 Bb7 5. Nbd2 d5 6. O-O Nbd7 7. b3 Bd6 8. Bb2
c6 9. Ne5 Qc7 10. f4 c5 11. Qf3 cxd4 12. exd4 g6 13. Rac1 Rc8 14. Qe2 O-O 15.
Rf3 Nh5 16. g4 Ng7 17. Qf2 Nf6 18. Qh4 Ne4 19. Rh3 h5 20. gxh5 Nxh5 21. Nxe4
dxe4 22. Be2 Qe7 23. Qg4 Ng7 24. Rh6 Bxe5 25. fxe5 Nf5 26. Rh3 Kg7 27. Bf1 Rh8
28. c4 Rxh3 29. Bxh3 Rh8 30. Bg2 Ne3 31. Qe2 Qg5 32. Re1 Nxg2 33. Qxg2 Rh5 34.
Bc1 Qxg2+ 35. Kxg2 Rf5 36. Re3 f6 37. exf6+ Kxf6 38. b4 Ke7 39. a4 Bc6 40. b5
Bb7 41. Ba3+ Kd7 42. c5 bxc5 43. dxc5 Bd5 44. c6+ Kc7 45. Bb4 Rf3 46. Bc5 Rxe3
47. Bxe3 Bb3 48. a5 Ba4 49. b6+ axb6 50. axb6+ Kxc6 51. Kg3 Bd1 52. Kf4 Bf3 53.
Kg5 Bh5 54. Kf6 Kb7 55. Kxe6 Bg4+ 56. Kf6 Bf5 57. h4 1-0